Vista normal Vista MARC

Entrada Materia (tema)

Número de registros utilizados en: 1

001 - CONTROL NUMBER

  • control field: 53103

003 - CONTROL NUMBER IDENTIFIER

  • control field: Co-BoUCM

005 - DATE AND TIME OF LATEST TRANSACTION

  • control field: 20131216121150.0

008 - FIXED-LENGTH DATA ELEMENTS

  • fixed length control field: 131216|| aca||aabn | a|a d

040 ## - CATALOGING SOURCE

  • Original cataloging agency: Co-BoUCM
  • Transcribing agency: Co-BoUCM

150 ## - HEADING--TOPICAL TERM

  • Topical term or geographic name as entry element: Guerra mundial, 1914-1918
  • Form subdivision: Relatos personales alemanes

670 ## - SOURCE DATA FOUND

  • Source citation: Work cat.: (Co-BoUCM)182776: Jünger, Ernst 1895-1998 53101, Tempestades de acero, 2005